History General Knowledge #1 - Statistics

General Stats
  • This quiz has been taken 134 times
  • The average score is 7 of 15
Answer Stats
Hint Answer % Correct
The most sold book Bible
88%
Instanbul's old name Constantinople
88%
What animal did Hannibal cross the Alps with Elephant
83%
How where people executed in the French Revolution Guillotine
79%
What day was Julius Caesar killed Ides of March
67%
Who invented the Printing Press Gutenberg
66%
The sun never set on this empire British
64%
The most sold book (according to Mao Zedong) Mao's little red book
50%
Former Name of Ethiopia Abyssinia
43%
Offiical name of Taiwan Republic of China
39%
Who was the last Anglo-Saxon king Harold Godwinson
28%
Name of the WW1 Germany plan to capture France Schlieffen
20%
What town did Boudicca destroy Colchester
9%
Empire of most of Asia Mongul
3%
Where did the Ottoman empire ultimately fail The gates of Vienna
2%
No matching quizzes found
Score Distribution
Percent of People with Each Score
Percentile by Number Answered
Your Score History
You have not taken this quiz